000 01792nam2a2200289 4500
001 RU\NLR\bibl\828654
005 20250614140856.0
010 _a5-8285-0216-6
_980
021 _aRU
_b2005-37432
_91863
035 _a(NLR Aleph) 000817535
090 _a1280296
_c1280296
100 _a20050805d2005 |||y0rusy50 ca
101 0 _arus
102 _aRU
105 _aa |||||||||
200 1 _aПервичная обработка льна
210 _d2005
_aБ. м.
215 _a88 с.
_cил.
320 _aБиблиогр.: с. 88 (12 назв.)
461 0 _1001RU\NLR\bibl\833207
_12001#$aЭлектрооборудование машин и агрегатов предприятий первичной обработки лубяных волокон$vЧ. 1
_91307468
_aПлаксин, Е. Б.
_cКострома
_d2005
_fЕ.Б. Плаксин, Ю.П. Приваленков, Н.К. Сорокин
_nКостромской государственный технологический университет
_oучебное пособие для студентов высших учебных заведений, обучающихся по специальности 260701 "Технология и оборудование производства натуральных волокон"
_tЭлектрооборудование машин и агрегатов предприятий первичной обработки лубяных волокон
_vЧ. 1
606 1 _aЛен
_jУчебные издания для высших учебных заведений
_xПервичная обработка
_91489203
_3RU\NLR\auth\66639328
686 _aМ321.01-5я73-1
801 0 _aRU
_bNLR
_c20050805
_grcr
801 1 _aRU
_bNLR
_c20050805
942 _cBOOK
980 _aNB